Géographie - Culture Générale - Difficile #1 - Statistiques

Statistiques générales
  • Ce quiz a été pris 43 fois
  • Le résultat moyen est 5 sur 20
Statistiques - réponses
Hint Réponse % Correct
Pays célèbre pour mesurer le BNB (Bonnheur National Brut) plutôt que le PIB. Bhoutan
63%
Deuxième plus long fleuve d'Asie. Huang He
58%
Ville de l'état du Nouveau Mexique avec la plus grande population. Albuquerque
50%
Etat américain le plus proche géographiquement du continent Africain. Maine
50%
Pays d'Océanie, dont la capitale s'écrit en 3 mots, abritant la mosquée Jame’Asr Hassanil Bolkiah . Brunei
42%
Ville majeure Australienne se situant en plein milieu du pays. Alice Springs
39%
Île Russe se trouvant à l'extrême Est du pays, au dessus du Japon. Sakhaline
39%
Capitale Européenne dont l'ancien nom est Christiania. Oslo
37%
Plus grand état mexicain en superficie, surnommé "el Estado Grande". Chihuahua
26%
Ville se situant à la confluence du Rio Negro et du Rio Solimões (nom d'un grand fleuve avant cette confluence) en Amérique du Sud. Manaus
24%
Île de la mer d'Arabie abritant l'arbre Dragon. Socotra
24%
Autre nom pour les îles ABC, territoires autonomes du Pays Bas. Petites Antilles Néerlandaises
13%
Etroite bande de terre de 450 km au nord-est d'une ancienne colonie allemande. Bande de Caprivi
11%
Territoire d'Oman dans lequel est enclavé le territoire Nuwha des EAU. Madha
11%
Mer située entre la Papouasie Nouvelle Guinée et l'Australie. Arafura
8%
Petite localité Zambienne où se trouve le seul quadripoint (frontière de 4 pays) du continent Africain. Kazangula
8%
Île canadienne, sur le lac Erié, étant le point habité le plus méridional du pays. Île Pelée
5%
Massif montagneux dont le K2 est le plus haut sommet. Karakoram
5%
Corps d'eau reliant l'Atlantique au Pacifique dont Roald Amundsen a réalisé la première traversée en 1903. Passage du Nord Ouest
5%
Merveille naturelle se situant au niveau de l'île de Palawan aux Philippines. Rivière souterraine
3%
Aucun quiz correspondant
Distribution des résultats
% des personnes avec chaque résultat
Percentile par nombre de réponses
Votre historique - résultats
Vous n’avez pas pris ce quiz